000 00493nmm a2200169Ia 4500
008 251105s9999||||xx |||||||||||||||||und||
020 _a9788428823210
041 _aspa
100 _aCirarda Lachiondo, José María
245 0 _aRecuerdos y memorias :
_b De mi ayer a nuestro hoy
264 _a[Madrid, España] :
_bGrupo SM,
_c2011
300 _a409 páginas
490 _aGP Actualidad
650 _aBiography
856 _uhttps://public.digitaliapublishing.com/a/85767
942 _cCF
999 _c80910
_d80910